| 000 | 00530cab a2200217 4500 | ||
|---|---|---|---|
| 001 | X97952 | ||
| 008 | 090401t1999 xxu||||| |||| 00| 0 eng d | ||
| 035 | _a(Sirsi) u92645 | ||
| 041 | _aeng | ||
| 245 | _aAllen v Rochdale | ||
| 260 | _c1999 | ||
| 350 | _a0 | ||
| 490 |
_aNew Property Cases _v[1999] NPC 43 (3) |
||
| 650 | _aALLEN V ROCHDALE | ||
| 650 | _aOPERATION OF LAW | ||
| 650 | _aSALE OF LAND | ||
| 650 | _aSURRENDER OF LEASE | ||
| 690 | _aPROPERTY LAW AND PRACTICE-CASE LAW | ||
| 942 | _n0 | ||
| 948 | _c08/04/1999 | ||
| 999 |
_c58717 _d58717 |
||